000 00391nam a2200145Ia 4500
008 100122s9999 xx 000 0 und d
082 _b63748
_a823
100 _aकर्णिक सुधाकर
245 _aधांदल
260 _bसत्यजय प्रकाशन
_c2003
300 _a426
630 _aधांदल
730 _aधांदल
942 _cBOOK
999 _c437638
_d437635